XXI Congresso brasileiro de engenharia agricola e I Simposio de engenharia agricola do cone sul /

Guardado en:
Autores Corporativos: Congresso brasileiro de engenharia agricola e I Simposio de engenharia agricola do cone sul / Santa María, Brasil), Sociedade Brasileira de Engenharia Agricola., Universidade Federal de Santa María. Departamento de Engenharia Rural.
Formato: Libro
Idioma:Undetermined
Publicado: Santa María, Brasil, 1992.
Etiquetas: Agregar Etiqueta
Sin Etiquetas, Sea el primero en etiquetar este registro!
LEADER 01096nam a22001815a 4500
001 EEA.libagro010018
005 20180911131811.0
008 140708s1992####xx#a##########100#0#und#d
111 2 |a Congresso brasileiro de engenharia agricola e I Simposio de engenharia agricola do cone sul /  |n (XXI :  |d 27 al 31 de julho de 1992 :  |c Santa María, Brasil) 
245 1 0 |a XXI Congresso brasileiro de engenharia agricola e I Simposio de engenharia agricola do cone sul /  |c Sociedade Brasileira de Engenharia Agricola, Universidade Federal de Santa María, Departamento de Engenharia Rural. 
260 |a Santa María, Brasil,  |c 1992. 
300 |a 4 v. :  |b il. ;  |c 23 cm. 
500 |a La biblioteca posee: v. 2A, v. 2B, v. 4. 
710 2 |a Sociedade Brasileira de Engenharia Agricola. 
710 2 |a Universidade Federal de Santa María.  |b Departamento de Engenharia Rural. 
859 |a AR-BbBCA  |b BIB. AGRONOMIA  |h 630.981  |i C749 21 1992  |p 1996/2606  |v 2 A  |3 Vol. 2 A 
859 |a AR-BbBCA  |b BIB. AGRONOMIA  |h 630.981  |i C749 21 1992  |p 1996/2607  |v 2 B  |3 Vol. 2 B 
859 |a AR-BbBCA  |b BIB. AGRONOMIA  |h 630.981  |i C749 21 1992  |p 1996/2608  |v 4  |3 Vol. 4